000 00912nam a22002535i 4500
001 176840
003 ES-MaACL
005 20230906220208.0
008 110214s1957 sp af |||| | spa d
080 _a75 Gogh, Vincent van
100 1 _aLeymarie, Jean.
_972102
245 1 0 _aVincent Van Gogh
_b: (1853-1890) /
_ctexto de Jean Leymarie ; traducción de R. Santos Torroella.
260 _aBarcelona :
_bTimun Mas,
_ccop. 1957.
300 _a[1] h. , [66] p. :
_bil. , lám. col. y n. , algunas pleg. ;
_c18 cm.
490 1 _aEl libro de arte de bolsillo
500 _aEncuadernado con otros títulos.
504 _aBibliografía: p. [66]
597 _aEn el lomo: Tomos XII-XV.
600 1 4 _aGogh, Vincent van.
_957595
700 0 _aSantos Torroella, Rafael.
_9103536
830 0 _aEl libro de arte de bolsillo
_9183601
852 _aES-MaACL
_jE-14307 (12)
_xOlim P-144
999 _c176840
_d176840